Southville International School and Colleges
Your cart is empty.
  • Cart
  • Lists
    Public lists Eva Luna New books Lux_list list_1
    Your lists Log in to create your own lists
  • Log in to your account
  • Your cookies
  • Search history
Southville International School and Colleges
  • Advanced search
  • Recent comments
  • Most popular
  • Libraries

Log in to your account

Log in with GOOGLE


If you do not have an external account, but do have a local account, you can still log in:

  1. Home
  2. MARC view: Les Miserables
Normal view MARC view ISBD view

Les Miserables (Record no. 365711)

[ view plain ]
MARC details
000 -LEADER
fixed length control field 00543nam a22001937a 4500
003 - CONTROL NUMBER IDENTIFIER
control field 0
005 - DATE AND TIME OF LATEST TRANSACTION
control field 20231205102851.0
008 - FIXED-LENGTH DATA ELEMENTS--GENERAL INFORMATION
fixed length control field 231205b xxu||||| |||| 00| 0 eng d
020 ## - INTERNATIONAL STANDARD BOOK NUMBER
International Standard Book Number 978-971-518-393-2
050 ## - LIBRARY OF CONGRESS CALL NUMBER
Classification number CL
Item number Hug895 2010
082 ## - DEWEY DECIMAL CLASSIFICATION NUMBER
Classification number CL
Item number Hug895 2010
100 ## - MAIN ENTRY--PERSONAL NAME
Personal name Hugo, Victor
245 ## - TITLE STATEMENT
Title Les Miserables
Statement of responsibility, etc Victor Hugo
260 ## - PUBLICATION, DISTRIBUTION, ETC. (IMPRINT)
Place of publication, distribution, etc Quezon City
Name of publisher, distributor, etc Lampara Publishing House
Date of publication, distribution, etc c2010.
300 ## - PHYSICAL DESCRIPTION
Extent 127 pages :
Other physical details colored illustrations ;
Dimensions 20cm.
504 ## - BIBLIOGRAPHY, ETC. NOTE
Bibliography, etc Includes glossary.
650 ## - SUBJECT ADDED ENTRY--TOPICAL TERM
Topical term or geographic name as entry element Classic stories.
942 ## - ADDED ENTRY ELEMENTS (KOHA)
Source of classification or shelving scheme Dewey Decimal Classification
Koha item type Books
Holdings
Withdrawn status Lost status Source of classification or shelving scheme Damaged status Home library Current library Shelving location Date acquired Source of acquisition Sub Shelving location Total Checkouts Full call number Barcode Date last seen Price effective from Koha item type
    Dewey Decimal Classification   Munich Library Munich Library Classic Section 12/05/2023 Library Fund     CL Hug895 2010 M8419 12/05/2023 12/05/2023 Books

Les Miserables

APA

Hugo V., . (2010). Les Miserables. Quezon City: Lampara Publishing House.

Chicago

Hugo Victor, . 2010. Les Miserables. Quezon City: Lampara Publishing House.

Harvard

Hugo V., . (2010). Les Miserables. Quezon City: Lampara Publishing House.

MLA

Hugo Victor, . Les Miserables. Quezon City: Lampara Publishing House. 2010.

  • Place hold
  • Print
  • Cite
  • Add to your cart (remove)
  • Save record
    BIBTEX Dublin Core MARCXML MARC (non-Unicode/MARC-8) MARC (Unicode/UTF-8) MARC (Unicode/UTF-8, Standard) MODS (XML) RIS
  • More searches
    Search for this title in:
    Other Libraries (WorldCat) Other Databases (Google Scholar) Online Stores (Bookfinder.com) Open Library (openlibrary.org)

Exporting to Dublin Core...

SOUTHVILLE LIBRARY

Southville International School and Colleges Library

1281 Tropical Ave. Cor. Luxembourg St., BF Homes International, Las Pinas City

Tel. No. 8256374 / 252358 Loc. 117/146

Powered by Koha